La Troisième annèe de Grammaire
সংরক্ষণ করুন:
| প্রধান লেখক: | , |
|---|---|
| বিন্যাস: | গ্রন্থ |
| ভাষা: | ফরাসি |
| প্রকাশিত: |
París
Librairie Armand Colin
1908
|
| বিষয়গুলি: | |
| ট্যাগগুলো: |
ট্যাগ যুক্ত করুন
কোনো ট্যাগ নেই, প্রথমজন হিসাবে ট্যাগ করুন!
|
MARC
| LEADER | 00000nam a2200000 a 4500 | ||
|---|---|---|---|
| 001 | UCG5719 | ||
| 003 | CL-VaPUC | ||
| 008 | 110317e19080000fr |||||||||||||||||fre|d | ||
| 082 | 0 | 4 | |a 445 |b LAR |2 21 |
| 100 | |a Larive |e author |9 555471 | ||
| 700 | 0 | |a Fleury |e author |9 555472 | |
| 245 | 1 | 3 | |a La Troisième annèe de Grammaire |
| 300 | |a 427 p | ||
| 942 | |c BK | ||
| 945 | |d 20110317 00:00:00 |a jcampos | ||
| 260 | |a París |b Librairie Armand Colin |c 1908 | ||
| 600 | 0 | 7 | |a FRANCIA |2 CL-VaPUC |9 482847 |
| 650 | 7 | |a GRAMATICA FRANCESA |2 CL-VaPUC |9 416915 | |
| 650 | 0 | |a Lengua francesa |9 455703 | |
| 583 | |a last modification |c 20171120 06:40:28 |k Rodrigo Vera | ||
| 999 | |c 344101 |d 344099 | ||
| 952 | |0 0 |1 0 |4 0 |6 445_000000000000000_LAR_1908 |7 0 |8 X |9 441892 |a FDOBUD |b FDOBUD |d 2019-11-22 |i 4737423 |o 445 LAR 1908 |p 4737423 |r 2019-11-22 |w 2019-11-22 |y BK_X |k BUD | ||